000 00560nam a2200229 a 4500
001 nice12345678
003 IN_TiNIC
005 20260116011854.0
008 050524s1901 hyda grp 000 0 ara
020 _a
_c100
082 0 0 _a297.1248
_bHAS
100 _aHasanuzzaman, Mohd
245 _aUsool-Ar-Riwayah
260 _aHyderabad
_bYusufi Press
_c1901
500 _aincludes index and biblioraphy
505 2 _aworld christian books
650 _aHadith-Shiah
700 1 _aHasanuzzaman, Mohd
902 _bRBA
942 _cBK
999 _c4601
_d4601